| 000 | 00519nam a2200193Ia 4500 | ||
|---|---|---|---|
| 005 | 20250508153020.0 | ||
| 008 | 008 250505s9999 xx 000 0 hin d | ||
| 037 | _aTextual | ||
| 040 |
_aFEDL _beng _cFEDL |
||
| 041 |
_ahin _2hin |
||
| 084 |
_a536, RAM _qFEDL |
||
| 100 |
_aRamesh Chandra Prem _9762890 |
||
| 245 | 0 | _aGarmi aur ahamara jeewan | |
| 260 |
_aDelhi, India _bAtma Ram and Sons _c1962 |
||
| 300 | _a102p | ||
| 546 | _aWeeded out | ||
| 942 |
_cTEXL _h536, RAM |
||
| 999 |
_c1340166 _d1340166 |
||